01338nab a22002537a 4500003000400000005001700004008004100021040000700062100002300069245016700092260007300259300001500332500003700347505018500384505011200569505008200681650001800763650003000781650002500811650003500836650002000871700003900891773015400930OSt20251226110354.0190429b xxu||||| |||| 00| 0 spa d cPJ aAlberich, Yésica13aFirmeza y ejecutoriedad de las sentencias : bgarantías procesales y su impacto en la privación de la libertad /cYésica Alberich, Guido Adrián Palacín. cCiudad Autónoma de Buenos Aires :aThomson Reuters La Ley, b2025. ap. 154-159 aCita: TR LALEY AR/DOC/1917/2025. aSumario: I. Antecedentes del caso.— II. Resumen del fallo.— III. Introducción.— IV. Firmeza de la sentencia, doble conforme y el principio de inocencia.— V. Conclusión. aFallo comentado: TCasación Penal, Buenos Aires, sala V ~ 18/02/2025 ~ C., M. A. s/ recurso de casación. tSi te interesa el texto completo, solicitalo a koha@justierradelfuego.gov.ar  0aDERECHO PENAL 0aPRESUNCIÓN DE INOCENCIA 0aLIBERTAD CONDICIONAL 0aGARANTIAS CONSTITUCIONALES › 0aSENTENCIA FIRME aPalacín, Guido Adriánecoautor0 02658tRevista de derecho penal y criminología. Nº 8 - Septiembre 2025dCiudad Autónoma de Buenos Aires : Thomson Reuters La Ley, 2017-x00347914